000
00208nam a2200097Ia 4500
008
220204s9999 xx 000 0 und d
082
_a
82-3
_b
MAS
100
_a
John
245
3
_a
An Indian trilogy
942
_c
BK
999
_c
30780
_d
30780